000 00542nam a2200205 a 4500
005 20140310183509.0
008 101020s19uu xx 00 eng d
020 _a9780415553209
050 _aPN 4781
_b.F74 2010
100 _aFrost, Chris
245 _aReporting for journalists. /
250 _a2nd ed.
260 _aLondon :
_bRoutledge Taylor & Francis Group,
_c2010.
300 _a208 p.:
_bill. ;
_c24 cm.
521 _aMC
650 _aReporters and reporting.
942 _cBK
_2lcc
_kFOR
999 _c24126
_d24126